000 00798nam a2200265Ia 4500
001 Para_3912
003 CHAP
008 220125s1955 xx 000 0 und d
010 _a201851
040 _cCHAP
090 _aPA FOLLETO 1307
100 _aTurner, Neely
_9115664
245 _aTests for type of action of hydrocarbon insecticides applied jointly /
_c Neely Turner
260 _aNew Haven, Connecticut :
_b Agricultural Experiment Station
300 _a23 p.
440 _aConnecticut. Agr. Exp. Sta. Bull.; 594
_9166804
650 _aInsecticidas Hydrocarbon insecticides
_9166805
901 _aPA FOLLETO 1307
902 _aA
905 _a0000001955 NEW 0000000000 00
910 _a1955
942 _cPARA
942 _cPARA
_d1
999 _c201851
_d201851